[Event "Festival"]
[Site "?"]
[Date "2016.02.18"]
[Round "4.3"]
[White "Paehtz, Elisabeth"]
[Black "Loiseau, Quentin"]
[Result "1/2-1/2"]
[LiveChessVersion "1.4.7"]
[BlackElo "2437"]
[WhiteElo "2472"]

1. e4 {[%clk 1:30:58]} c5 {[%clk 1:30:49]} 2. Nf3 {[%clk 1:31:21]} Nc6
{[%clk 1:31:14]} 3. Nc3 {[%clk 1:31:34]} Nf6 {[%clk 1:31:39]} 4. Bb5
{[%clk 1:29:30]} g6 {[%clk 1:32:00]} 5. O-O {[%clk 1:27:32]} Bg7 {[%clk 1:31:24]}
6. Re1 {[%clk 1:21:57]} O-O {[%clk 1:28:27]} 7. e5 {[%clk 1:14:09]} Ng4
{[%clk 1:27:40]} 8. Bxc6 {[%clk 1:14:33]} dxc6 {[%clk 1:28:04]} 9. d3
{[%clk 1:13:58]} b6 {[%clk 1:24:11]} 10. Bf4 {[%clk 1:12:23]} Nh6
{[%clk 1:23:18]} 11. Ne4 {[%clk 1:05:24]} Nf5 {[%clk 1:23:01]} 12. c3
{[%clk 0:57:02]} Ba6 {[%clk 1:14:41]} 13. d4 {[%clk 0:40:49]} cxd4
{[%clk 1:13:42]} 14. cxd4 {[%clk 0:38:56]} Qd5 {[%clk 1:05:37]} 15. Nc3
{[%clk 0:35:44]} Qc4 {[%clk 1:03:03]} 16. Re4 {[%clk 0:28:08]} Rfd8
{[%clk 0:43:17]} 17. g4 {[%clk 0:26:54]} Nh6 {[%clk 0:43:33]} 18. d5
{[%clk 0:19:40]} Rxd5 {[%clk 0:41:38]} 19. Qe1 {[%clk 0:15:51]} Qd3
{[%clk 0:41:00]} 20. Re3 {[%clk 0:13:35]} Qc4 {[%clk 0:40:33]} 21. Re4
{[%clk 0:13:19]} Qd3 {[%clk 0:40:59]} 22. Re3 {[%clk 0:06:53]} Qc4
{[%clk 0:41:10]} 23. Re4 {[%clk 0:06:55]} Qd3 1/2-1/2

[Event "Festival"]
[Site "?"]
[Date "2016.02.18"]
[Round "4.4"]
[White "Savina, Anastasia"]
[Black "Maisuradze, Nino"]
[Result "1/2-1/2"]
[LiveChessVersion "1.4.7"]
[BlackElo "2302"]
[WhiteElo "2401"]

1. d4 {[%clk 1:30:50]} Nf6 {[%clk 1:30:50]} 2. c4 {[%clk 1:31:16]} e6
{[%clk 1:31:10]} 3. Nc3 {[%clk 1:31:38]} c5 {[%clk 1:31:33]} 4. d5
{[%clk 1:32:04]} exd5 {[%clk 1:32:00]} 5. cxd5 {[%clk 1:32:29]} d6
{[%clk 1:32:27]} 6. Nf3 {[%clk 1:32:48]} g6 {[%clk 1:32:51]} 7. Bf4
{[%clk 1:31:57]} a6 {[%clk 1:33:04]} 8. a4 {[%clk 1:32:22]} Bg7 {[%clk 1:33:28]}
9. h3 {[%clk 1:32:42]} O-O {[%clk 1:33:35]} 10. e3 {[%clk 1:33:06]} Qe7
{[%clk 1:33:48]} 11. Nd2 {[%clk 1:31:49]} Nbd7 {[%clk 1:33:39]} 12. Be2
{[%clk 1:31:44]} Ne8 {[%clk 1:33:27]} 13. O-O {[%clk 1:31:31]} f5
{[%clk 1:33:35]} 14. Bh2 {[%clk 1:27:29]} Ne5 {[%clk 1:33:26]} 15. Re1
{[%clk 1:24:14]} Nf6 {[%clk 1:32:49]} 16. Qc2 {[%clk 1:13:40]} Bd7
{[%clk 1:32:37]} 17. a5 {[%clk 1:11:14]} Rae8 {[%clk 1:29:03]} 18. Qb3
{[%clk 0:43:04]} Bc8 {[%clk 1:28:44]} 19. Qa3 {[%clk 0:37:26]} Nfd7
{[%clk 1:26:54]} 20. Rac1 {[%clk 0:32:38]} Kh8 {[%clk 1:26:53]} 21. Na4
{[%clk 0:29:26]} Nf6 {[%clk 1:18:52]} 22. Nb6 {[%clk 0:27:53]} Ne4
{[%clk 1:16:51]} 23. Nxe4 {[%clk 0:24:22]} fxe4 {[%clk 1:17:17]} 24. b4
{[%clk 0:23:41]} Bxh3 {[%clk 1:08:55]} 25. Bg3 {[%clk 0:13:33]} cxb4
{[%clk 0:45:38]} 26. Qxb4 {[%clk 0:13:51]} Bf5 {[%clk 0:45:47]} 27. Nc4
{[%clk 0:12:06]} Nxc4 {[%clk 0:35:39]} 28. Rxc4 {[%clk 0:12:16]} Rd8
{[%clk 0:32:04]} 29. Rec1 {[%clk 0:11:48]} Rd7 {[%clk 0:31:05]} 30. Bd1
{[%clk 0:07:46]} Rf7 {[%clk 0:08:18]} 31. Rc8+ {[%clk 0:04:52]} Bf8
{[%clk 0:08:14]} 32. Qc3+ {[%clk 0:03:22]} Kg8 {[%clk 0:05:52]} 33. Ba4
{[%clk 0:03:45]} Rd8 {[%clk 0:03:28]} 34. Rc7 {[%clk 0:00:45]} Qxc7
{[%clk 0:03:49]} 35. Qxc7 {[%clk 0:01:12]} Rxc7 {[%clk 0:04:16]} 36. Rxc7
{[%clk 0:01:37]} Rb8 {[%clk 0:04:21]} 37. Bf4 {[%clk 0:00:43]} Rc8
{[%clk 0:00:43]} 38. Rxb7 {[%clk 0:00:43]} Rc5 {[%clk 0:00:58]} 39. Be8
{[%clk 0:00:34]} Bc8 {[%clk 0:00:45]} 40. Rb8 {[%clk 0:00:38]} Kg7
{[%clk 0:01:02]} 41. Kh2 {[%clk 0:00:35]} Be7 {[%clk 0:00:42]} 42. Bc6
{[%clk 0:00:44]} Be6 {[%clk 0:00:45]} 43. Rb6 {[%clk 0:00:35]} Bc8
{[%clk 0:00:40]} 44. Rb8 {[%clk 0:00:52]} Be6 {[%clk 0:01:09]} 45. Rb6
{[%clk 0:00:36]} Bc8 {[%clk 0:01:38]} 46. Rb8 {[%clk 0:01:05]} 1/2-1/2

[Event "Festival"]
[Site "?"]
[Date "2016.02.18"]
[Round "4.5"]
[White "Brunner, Nicolas"]
[Black "Arakhamia-Grant, Ketevan"]
[Result "1/2-1/2"]
[LiveChessVersion "1.4.7"]
[BlackElo "2346"]
[WhiteElo "2438"]

1. d4 {[%clk 1:30:57]} d5 {[%clk 1:30:52]} 2. c4 {[%clk 1:31:23]} e6
{[%clk 1:31:14]} 3. Nc3 {[%clk 1:31:48]} Be7 {[%clk 1:31:23]} 4. Nf3
{[%clk 1:32:11]} Nf6 {[%clk 1:31:40]} 5. Bf4 {[%clk 1:32:30]} b6 {[%clk 1:31:02]}
6. e3 {[%clk 1:32:19]} O-O {[%clk 1:31:01]} 7. Bd3 {[%clk 1:32:16]} dxc4
{[%clk 1:26:26]} 8. Bxc4 {[%clk 1:31:41]} Bb7 {[%clk 1:26:30]} 9. O-O
{[%clk 1:31:34]} a6 {[%clk 1:14:05]} 10. Qe2 {[%clk 1:25:49]} b5 {[%clk 1:10:30]}
11. Bb3 {[%clk 1:24:39]} Nbd7 {[%clk 1:00:49]} 12. Rfd1 {[%clk 1:23:39]} Qc8
{[%clk 0:47:17]} 13. Rac1 {[%clk 1:21:51]} c5 {[%clk 0:44:22]} 14. dxc5
{[%clk 1:15:44]} Nxc5 {[%clk 0:44:12]} 15. Bc2 {[%clk 1:15:57]} Qe8
{[%clk 0:40:57]} 16. a3 {[%clk 1:10:16]} Rd8 {[%clk 0:39:40]} 17. e4
{[%clk 1:06:04]} Rxd1+ {[%clk 0:39:15]} 18. Rxd1 {[%clk 1:06:16]} Qa8
{[%clk 0:37:53]} 19. Nd2 {[%clk 1:02:35]} Rd8 {[%clk 0:32:06]} 20. f3
{[%clk 1:00:51]} Qc8 {[%clk 0:23:26]} 21. Be3 {[%clk 0:41:23]} Na4
{[%clk 0:17:23]} 22. Bxa4 {[%clk 0:40:43]} bxa4 {[%clk 0:17:48]} 23. Rc1
{[%clk 0:36:36]} a5 {[%clk 0:13:24]} 24. Qc4 {[%clk 0:24:29]} Qd7
{[%clk 0:12:55]} 25. Qxa4 {[%clk 0:24:14]} Qd3 {[%clk 0:09:05]} 26. Nf1
{[%clk 0:24:14]} Qa6 {[%clk 0:08:42]} 27. Qb5 {[%clk 0:21:20]} h6
{[%clk 0:08:59]} 28. Bb6 {[%clk 0:19:09]} Ra8 {[%clk 0:05:39]} 29. Ne3
{[%clk 0:14:50]} Nd7 {[%clk 0:04:42]} 30. Bd4 {[%clk 0:10:43]} Bc6
{[%clk 0:04:31]} 31. Qxa6 {[%clk 0:10:58]} Rxa6 {[%clk 0:04:57]} 32. Nc4
{[%clk 0:10:20]} Nc5 {[%clk 0:05:03]} 33. Rd1 {[%clk 0:09:38]} a4
{[%clk 0:03:58]} 34. Be5 {[%clk 0:09:10]} Nb7 {[%clk 0:03:45]} 35. Kf2
{[%clk 0:06:42]} f6 {[%clk 0:03:12]} 36. Bf4 {[%clk 0:06:14]} Be8
{[%clk 0:02:36]} 37. e5 {[%clk 0:05:53]} Rc6 {[%clk 0:01:50]} 38. Nd6
{[%clk 0:05:03]} fxe5 {[%clk 0:01:28]} 39. Nxe8 {[%clk 0:04:34]} exf4
{[%clk 0:01:47]} 40. Rd7 {[%clk 0:04:59]} Bc5+ {[%clk 0:01:08]} 41. Kf1
{[%clk 0:04:50]} Na5 {[%clk 0:00:55]} 42. Nxg7 {[%clk 0:04:32]} Nc4
{[%clk 0:00:45]} 43. Nh5 {[%clk 0:00:55]} Be3 {[%clk 0:01:05]} 44. Nxa4
{[%clk 0:00:55]} Ne5 {[%clk 0:01:06]} 45. Rd8+ {[%clk 0:00:42]} Kf7
{[%clk 0:01:24]} 46. Nc3 {[%clk 0:01:06]} Kg6 {[%clk 0:01:09]} 47. g4
{[%clk 0:01:33]} Nxf3 {[%clk 0:01:12]} 48. h3 {[%clk 0:00:42]} Ne5
{[%clk 0:01:03]} 49. Rf8 {[%clk 0:00:45]} Nd3 {[%clk 0:00:55]} 50. Rf6+
{[%clk 0:00:41]} Kh7 {[%clk 0:01:20]} 51. Nd1 {[%clk 0:00:38]} Bd4
{[%clk 0:00:59]} 52. Rf7+ {[%clk 0:01:03]} Kg8 {[%clk 0:00:50]} 53. Rd7
{[%clk 0:01:26]} e5 {[%clk 0:01:08]} 54. h4 {[%clk 0:01:00]} Kf8 {[%clk 0:00:44]}
55. g5 {[%clk 0:01:15]} hxg5 {[%clk 0:00:47]} 56. hxg5 {[%clk 0:01:41]} Ke8
{[%clk 0:01:02]} 57. Nf6+ {[%clk 0:00:37]} Kf8 {[%clk 0:00:48]} 58. Ke2
{[%clk 0:00:43]} Nxb2 {[%clk 0:00:44]} 59. Nxb2 {[%clk 0:00:57]} Bxb2
{[%clk 0:01:10]} 60. a4 {[%clk 0:01:22]} Ra6 {[%clk 0:00:48]} 61. Kf3
{[%clk 0:01:39]} e4+ {[%clk 0:00:58]} 62. Kxf4 {[%clk 0:01:47]} Bxf6
{[%clk 0:01:01]} 63. gxf6 {[%clk 0:02:13]} Rxa4 {[%clk 0:00:58]} 64. Kf5
{[%clk 0:02:37]} Ra1 {[%clk 0:01:10]} 65. Re7 {[%clk 0:01:12]} e3
{[%clk 0:01:10]} 66. Rxe3 {[%clk 0:01:30]} Kf7 {[%clk 0:01:15]} 67. Re7+
{[%clk 0:01:51]} Kf8 {[%clk 0:01:41]} 68. Re4 {[%clk 0:02:08]} Kf7
{[%clk 0:01:54]} 69. Rb4 {[%clk 0:02:25]} Ra5+ {[%clk 0:01:33]} 70. Kf4
{[%clk 0:02:47]} Kxf6 {[%clk 0:01:58]} 1/2-1/2

[Event "Festival"]
[Site "?"]
[Date "2016.02.19"]
[Round "5.1"]
[White "Donchenko, Alexander"]
[Black "Fier, Alexandr"]
[Result "1/2-1/2"]
[LiveChessVersion "1.4.7"]
[BlackElo "2608"]
[WhiteElo "2575"]

1. c4 {[%clk 1:30:57]} g6 {[%clk 1:30:51]} 2. Nf3 {[%clk 1:28:07]} Bg7
{[%clk 1:31:03]} 3. d4 {[%clk 1:26:55]} Nf6 {[%clk 1:31:28]} 4. g3
{[%clk 1:27:16]} c5 {[%clk 1:31:55]} 5. Nc3 {[%clk 1:26:02]} cxd4
{[%clk 1:32:08]} 6. Nxd4 {[%clk 1:26:26]} O-O {[%clk 1:32:35]} 7. Bg2
{[%clk 1:26:33]} Qc7 {[%clk 1:33:01]} 8. Nd5 {[%clk 1:25:07]} Nxd5
{[%clk 1:33:23]} 9. cxd5 {[%clk 1:25:30]} Qb6 {[%clk 1:32:02]} 10. Nb3
{[%clk 1:23:16]} d6 {[%clk 1:32:27]} 11. O-O {[%clk 1:21:13]} Na6
{[%clk 1:32:51]} 12. Be3 {[%clk 1:19:34]} Qb4 {[%clk 1:33:17]} 13. Bd4
{[%clk 1:07:59]} Bxd4 {[%clk 1:33:43]} 14. Qxd4 {[%clk 1:08:23]} Qxd4
{[%clk 1:34:10]} 15. Nxd4 {[%clk 1:08:46]} Bd7 {[%clk 1:34:38]} 16. Rfc1
{[%clk 1:08:22]} Rfc8 {[%clk 1:35:04]} 17. f4 {[%clk 1:04:46]} f5
{[%clk 1:33:11]} 18. Kf2 {[%clk 1:02:46]} Kf7 {[%clk 1:33:25]} 19. e4
{[%clk 0:57:33]} Nc5 {[%clk 1:32:06]} 20. Ke3 {[%clk 0:57:33]} Nxe4
{[%clk 1:32:21]} 21. Bxe4 {[%clk 0:57:57]} fxe4 {[%clk 1:32:48]} 22. Kxe4
{[%clk 0:58:20]} Rxc1 {[%clk 1:33:14]} 23. Rxc1 {[%clk 0:58:38]} Rc8
{[%clk 1:33:41]} 24. Rxc8 {[%clk 0:58:51]} Bxc8 {[%clk 1:34:07]} 25. b4
{[%clk 0:57:14]} Bh3 {[%clk 1:33:53]} 26. Nb5 {[%clk 0:54:49]} a6
{[%clk 1:34:00]} 27. Nc3 {[%clk 0:53:51]} Bg2+ {[%clk 1:28:32]} 28. Kd4
{[%clk 0:54:13]} Kf6 {[%clk 1:28:45]} 29. Nd1 {[%clk 0:54:06]} b5
{[%clk 1:28:51]} 30. Ne3 {[%clk 0:54:14]} Bf3 {[%clk 1:29:17]} 31. h4
{[%clk 0:53:48]} h5 {[%clk 1:28:44]} 32. Nf1 {[%clk 0:54:08]} Kf5
{[%clk 1:28:59]} 33. Ne3+ {[%clk 0:54:33]} Kf6 {[%clk 1:29:26]} 34. Nf1
{[%clk 0:54:58]} Kf5 {[%clk 1:29:54]} 35. Ne3+ {[%clk 0:55:22]} 1/2-1/2

[Event "Festival"]
[Site "?"]
[Date "2016.02.19"]
[Round "5.2"]
[White "Arakhamia-Grant, Ketevan"]
[Black "Paehtz, Elisabeth"]
[Result "1/2-1/2"]
[LiveChessVersion "1.4.7"]
[BlackElo "2472"]
[WhiteElo "2346"]

1. e4 {[%clk 1:30:54]} e6 {[%clk 1:30:35]} 2. d4 {[%clk 1:31:15]} d5
{[%clk 1:31:02]} 3. Nc3 {[%clk 1:31:15]} Bb4 {[%clk 1:31:19]} 4. e5
{[%clk 1:31:14]} c5 {[%clk 1:31:44]} 5. a3 {[%clk 1:31:39]} Bxc3+
{[%clk 1:31:53]} 6. bxc3 {[%clk 1:32:04]} Qc7 {[%clk 1:31:22]} 7. Nf3
{[%clk 1:29:38]} b6 {[%clk 1:28:33]} 8. Bb5+ {[%clk 1:23:15]} Bd7
{[%clk 1:28:59]} 9. Bd3 {[%clk 1:23:35]} Ba4 {[%clk 1:29:21]} 10. O-O
{[%clk 1:23:30]} c4 {[%clk 1:19:54]} 11. Be2 {[%clk 1:23:50]} Nc6
{[%clk 1:20:15]} 12. h4 {[%clk 1:02:15]} O-O-O {[%clk 1:18:41]} 13. Bf4
{[%clk 0:57:55]} Qd7 {[%clk 0:51:25]} 14. h5 {[%clk 0:54:21]} f6 {[%clk 0:46:59]}
15. Qd2 {[%clk 0:49:42]} f5 {[%clk 0:34:57]} 16. g3 {[%clk 0:46:47]} Nge7
{[%clk 0:31:12]} 17. Kg2 {[%clk 0:46:32]} h6 {[%clk 0:29:55]} 18. Rh1
{[%clk 0:45:08]} Kb7 {[%clk 0:29:36]} 19. Nh4 {[%clk 0:40:15]} Rhf8
{[%clk 0:29:20]} 20. Bf3 {[%clk 0:38:22]} a6 {[%clk 0:29:11]} 21. Kf1
{[%clk 0:35:36]} Na7 {[%clk 0:29:05]} 22. Ke2 {[%clk 0:33:40]} Nb5
{[%clk 0:27:06]} 23. Rhb1 {[%clk 0:33:22]} Nc6 {[%clk 0:25:46]} 24. Kf1
{[%clk 0:30:24]} Rf7 {[%clk 0:24:59]} 25. Ng6 {[%clk 0:30:27]} a5
{[%clk 0:23:39]} 26. Be3 {[%clk 0:29:09]} Nc7 {[%clk 0:22:42]} 27. Ra2
{[%clk 0:22:16]} Ka6 {[%clk 0:21:40]} 28. Nf4 {[%clk 0:13:52]} Rb8
{[%clk 0:21:33]} 29. Kg2 {[%clk 0:13:52]} Na7 {[%clk 0:19:57]} 30. Be2
{[%clk 0:09:32]} Qc6 {[%clk 0:18:57]} 31. Kh2 {[%clk 0:09:39]} Kb7
{[%clk 0:18:12]} 32. Raa1 {[%clk 0:09:49]} Ka6 {[%clk 0:18:33]} 33. Rg1
{[%clk 0:09:35]} Qd7 {[%clk 0:17:30]} 34. Bf1 {[%clk 0:08:48]} Nc6
{[%clk 0:16:39]} 35. Bh3 {[%clk 0:08:16]} Ne7 {[%clk 0:16:07]} 36. Rab1
{[%clk 0:08:00]} Nb5 {[%clk 0:14:45]} 37. Ra1 {[%clk 0:08:17]} Nc7
{[%clk 0:15:10]} 38. Rab1 {[%clk 0:08:03]} Nb5 {[%clk 0:15:34]} 39. Ra1
{[%clk 0:08:28]} Nc7 {[%clk 0:15:36]} 40. Rab1 1/2-1/2

[Event "Festival"]
[Site "?"]
[Date "2016.02.19"]
[Round "5.3"]
[White "Maisuradze, Nino"]
[Black "Brunner, Nicolas"]
[Result "0-1"]
[LiveChessVersion "1.4.7"]
[BlackElo "2438"]
[WhiteElo "2302"]

1. d4 {[%clk 1:30:58]} Nf6 {[%clk 1:30:55]} 2. c4 {[%clk 1:31:23]} e6
{[%clk 1:31:21]} 3. Nc3 {[%clk 1:31:49]} Bb4 {[%clk 1:31:46]} 4. e3
{[%clk 1:32:02]} b6 {[%clk 1:32:07]} 5. Nge2 {[%clk 1:32:19]} Ba6
{[%clk 1:32:29]} 6. a3 {[%clk 1:32:21]} Be7 {[%clk 1:32:52]} 7. Ng3
{[%clk 1:32:11]} d5 {[%clk 1:32:39]} 8. cxd5 {[%clk 1:15:01]} Bxf1
{[%clk 1:32:47]} 9. Nxf1 {[%clk 1:15:18]} Nxd5 {[%clk 1:32:35]} 10. Ng3
{[%clk 1:12:24]} c5 {[%clk 1:31:41]} 11. Qa4+ {[%clk 1:09:04]} Qd7
{[%clk 1:31:38]} 12. Qxd7+ {[%clk 1:08:06]} Nxd7 {[%clk 1:32:02]} 13. Nxd5
{[%clk 1:00:53]} exd5 {[%clk 1:32:22]} 14. dxc5 {[%clk 0:59:57]} Nxc5
{[%clk 1:30:29]} 15. Rb1 {[%clk 0:47:36]} O-O {[%clk 1:11:05]} 16. Bd2
{[%clk 0:28:47]} Bf6 {[%clk 1:10:13]} 17. O-O {[%clk 0:18:17]} Rfc8
{[%clk 0:51:23]} 18. Rfd1 {[%clk 0:17:29]} Nd3 {[%clk 0:49:24]} 19. Bc3
{[%clk 0:16:49]} Bxc3 {[%clk 0:44:59]} 20. Rxd3 {[%clk 0:17:15]} Bf6
{[%clk 0:45:16]} 21. Rxd5 {[%clk 0:16:38]} Rc2 {[%clk 0:45:40]} 22. b3
{[%clk 0:16:26]} Rac8 {[%clk 0:45:22]} 23. h3 {[%clk 0:15:45]} Rc1+
{[%clk 0:28:43]} 24. Rd1 {[%clk 0:15:08]} Rxb1 {[%clk 0:23:42]} 25. Rxb1
{[%clk 0:15:37]} Rc2 {[%clk 0:23:38]} 26. a4 {[%clk 0:11:43]} Bh4
{[%clk 0:13:17]} 27. Rd1 {[%clk 0:12:09]} Rb2 {[%clk 0:12:18]} 28. Rd4
{[%clk 0:11:22]} Bf6 {[%clk 0:06:09]} 29. Rd3 {[%clk 0:11:51]} Bh4
{[%clk 0:06:26]} 30. Ne4 {[%clk 0:11:11]} f5 {[%clk 0:06:13]} 31. Nd2
{[%clk 0:11:29]} Be7 {[%clk 0:05:57]} 32. Nc4 {[%clk 0:11:22]} Rb1+
{[%clk 0:06:08]} 33. Kh2 {[%clk 0:11:50]} Kf7 {[%clk 0:06:24]} 34. g4
{[%clk 0:10:27]} Ke6 {[%clk 0:05:35]} 35. Kg2 {[%clk 0:09:46]} g6
{[%clk 0:05:44]} 36. gxf5+ {[%clk 0:08:48]} gxf5 {[%clk 0:06:09]} 37. Kg3
{[%clk 0:04:38]} h5 {[%clk 0:05:23]} 38. Kf4 {[%clk 0:04:21]} Rf1
{[%clk 0:05:14]} 39. f3 {[%clk 0:03:43]} Rg1 {[%clk 0:04:52]} 40. h4
{[%clk 0:03:35]} Bf8 {[%clk 0:04:35]} 41. Ke5+ Kxe5 0-1

[Event "Festival"]
[Site "?"]
[Date "2016.02.19"]
[Round "5.4"]
[White "Bailet, Pierre"]
[Black "Savina, Anastasia"]
[Result "1-0"]
[LiveChessVersion "1.4.7"]
[BlackElo "2401"]
[WhiteElo "2509"]

1. e4 {[%clk 1:29:51]} c5 {[%clk 1:30:30]} 2. Nc3 {[%clk 1:30:05]} e6
{[%clk 1:29:59]} 3. Nge2 {[%clk 1:28:55]} Nc6 {[%clk 1:30:04]} 4. d4
{[%clk 1:29:10]} cxd4 {[%clk 1:30:30]} 5. Nxd4 {[%clk 1:29:33]} Nf6
{[%clk 1:30:22]} 6. Ndb5 {[%clk 1:29:44]} Bb4 {[%clk 1:30:09]} 7. a3
{[%clk 1:30:01]} Bxc3+ {[%clk 1:30:34]} 8. Nxc3 {[%clk 1:30:24]} d5
{[%clk 1:30:55]} 9. exd5 {[%clk 1:30:44]} exd5 {[%clk 1:31:22]} 10. Bd3
{[%clk 1:30:59]} O-O {[%clk 1:30:24]} 11. O-O {[%clk 1:31:16]} d4
{[%clk 1:30:46]} 12. Ne2 {[%clk 1:31:35]} Bg4 {[%clk 1:30:34]} 13. f3
{[%clk 1:26:43]} Bh5 {[%clk 1:29:54]} 14. Nf4 {[%clk 1:26:56]} Bg6
{[%clk 1:29:44]} 15. Nxg6 {[%clk 1:27:08]} hxg6 {[%clk 1:30:06]} 16. f4
{[%clk 1:27:11]} Rc8 {[%clk 1:15:50]} 17. f5 {[%clk 1:17:33]} Ne5
{[%clk 1:15:36]} 18. fxg6 {[%clk 1:07:35]} fxg6 {[%clk 1:14:19]} 19. Bf4
{[%clk 1:06:59]} Nxd3 {[%clk 1:13:01]} 20. Qxd3 {[%clk 1:04:20]} Qb6
{[%clk 1:09:21]} 21. Be5 {[%clk 1:01:11]} Qxb2 {[%clk 1:01:39]} 22. Qxg6
{[%clk 0:51:38]} Qxc2 {[%clk 0:57:50]} 23. Qg5 {[%clk 0:49:40]} Qc3
{[%clk 0:41:25]} 24. Bxf6 {[%clk 0:46:47]} Rxf6 {[%clk 0:27:07]} 25. Rfc1
{[%clk 0:46:33]} Rfc6 {[%clk 0:25:04]} 26. Rxc3 {[%clk 0:46:23]} dxc3
{[%clk 0:25:30]} 27. Rc1 {[%clk 0:44:51]} c2 {[%clk 0:25:39]} 28. Qd5+
{[%clk 0:45:04]} Kh8 {[%clk 0:24:52]} 29. h4 {[%clk 0:45:04]} R8c7
{[%clk 0:23:03]} 30. h5 {[%clk 0:44:27]} a6 {[%clk 0:21:12]} 31. g4
{[%clk 0:40:10]} Rc5 {[%clk 0:14:49]} 32. Qd8+ {[%clk 0:39:20]} Kh7
{[%clk 0:15:13]} 33. g5 {[%clk 0:36:04]} Rc3 {[%clk 0:12:42]} 34. Kh2
{[%clk 0:33:50]} Rc8 {[%clk 0:10:53]} 35. Qd5 {[%clk 0:31:16]} b5
{[%clk 0:09:37]} 36. Qf7 {[%clk 0:27:23]} R3c6 {[%clk 0:08:39]} 37. g6+
{[%clk 0:23:51]} Kh6 {[%clk 0:08:39]} 38. Qf4+ {[%clk 0:24:00]} Kxh5
{[%clk 0:08:52]} 39. Rg1 {[%clk 0:24:16]} 1-0

[Event "Festival"]
[Site "?"]
[Date "2016.02.19"]
[Round "5.5"]
[White "Loiseau, Quentin"]
[Black "Karavade, Eesha"]
[Result "1-0"]
[LiveChessVersion "1.4.7"]
[BlackElo "2400"]
[WhiteElo "2437"]

1. d4 {[%clk 1:30:56]} Nf6 {[%clk 1:30:41]} 2. Nf3 {[%clk 1:30:39]} e6
{[%clk 1:30:45]} 3. c4 {[%clk 1:31:04]} d5 {[%clk 1:31:08]} 4. Nc3
{[%clk 1:31:30]} c6 {[%clk 1:31:32]} 5. e3 {[%clk 1:28:37]} Nbd7 {[%clk 1:31:53]}
6. Qc2 {[%clk 1:28:44]} b6 {[%clk 1:31:52]} 7. Be2 {[%clk 1:27:48]} Bb7
{[%clk 1:32:09]} 8. O-O {[%clk 1:27:29]} Bd6 {[%clk 1:28:35]} 9. b3
{[%clk 1:23:21]} O-O {[%clk 1:25:46]} 10. Bb2 {[%clk 1:21:34]} Qe7
{[%clk 1:25:02]} 11. Rad1 {[%clk 1:18:05]} dxc4 {[%clk 1:11:48]} 12. bxc4
{[%clk 1:07:10]} Rfd8 {[%clk 1:07:57]} 13. h3 {[%clk 0:58:04]} Rac8
{[%clk 1:05:16]} 14. Ng5 {[%clk 0:50:42]} h6 {[%clk 1:02:24]} 15. Nge4
{[%clk 0:50:27]} Nxe4 {[%clk 1:02:48]} 16. Nxe4 {[%clk 0:50:54]} Bb8
{[%clk 1:03:13]} 17. c5 {[%clk 0:39:22]} Nf6 {[%clk 0:59:50]} 18. Nxf6+
{[%clk 0:36:18]} Qxf6 {[%clk 1:00:19]} 19. f4 {[%clk 0:36:24]} Qe7
{[%clk 0:57:12]} 20. Ba3 {[%clk 0:35:42]} bxc5 {[%clk 0:55:04]} 21. Bxc5
{[%clk 0:35:52]} Bd6 {[%clk 0:54:47]} 22. Rc1 {[%clk 0:34:32]} Qc7
{[%clk 0:52:05]} 23. Qa4 {[%clk 0:32:08]} Bxc5 {[%clk 0:52:05]} 24. Rxc5
{[%clk 0:32:35]} Rd5 {[%clk 0:52:12]} 25. Rfc1 {[%clk 0:31:29]} Rxc5
{[%clk 0:49:45]} 26. Rxc5 {[%clk 0:31:40]} Qb6 {[%clk 0:49:49]} 27. Qa3
{[%clk 0:27:28]} Rd8 {[%clk 0:45:57]} 28. Bf3 {[%clk 0:26:38]} g6
{[%clk 0:46:13]} 29. Kh2 {[%clk 0:26:15]} Qc7 {[%clk 0:44:32]} 30. Kg1
{[%clk 0:20:06]} Rb8 {[%clk 0:41:18]} 31. Qc3 {[%clk 0:19:39]} Rc8
{[%clk 0:40:48]} 32. a4 {[%clk 0:19:54]} h5 {[%clk 0:39:19]} 33. g4
{[%clk 0:13:07]} hxg4 {[%clk 0:39:23]} 34. hxg4 {[%clk 0:13:28]} Qb6
{[%clk 0:38:21]} 35. Be4 {[%clk 0:12:53]} Qd8 {[%clk 0:35:43]} 36. g5
{[%clk 0:12:44]} Qb6 {[%clk 0:34:55]} 37. Kf2 {[%clk 0:11:23]} Ba8
{[%clk 0:32:14]} 38. a5 {[%clk 0:11:01]} Qd8 {[%clk 0:31:26]} 39. Kg3
{[%clk 0:10:20]} Bb7 {[%clk 0:29:56]} 40. Bd3 {[%clk 0:10:42]} a6
{[%clk 0:26:49]} 41. Qa1 {[%clk 0:09:58]} Qe7 {[%clk 0:26:44]} 42. Qb2
{[%clk 0:09:41]} Qd7 {[%clk 0:19:12]} 43. Be4 {[%clk 0:09:10]} Rc7
{[%clk 0:18:50]} 44. Qb6 {[%clk 0:08:49]} Rc8 {[%clk 0:19:02]} 45. Rc1
{[%clk 0:08:08]} Kf8 {[%clk 0:16:32]} 46. Rb1 {[%clk 0:07:34]} Rc7
{[%clk 0:16:11]} 47. Qc5+ {[%clk 0:05:30]} Qe7 {[%clk 0:15:29]} 48. Qe5
{[%clk 0:05:55]} Ke8 {[%clk 0:15:51]} 49. Rh1 {[%clk 0:05:21]} Kd7
{[%clk 0:15:13]} 50. Rh7 {[%clk 0:05:23]} c5 {[%clk 0:15:02]} 51. Bxg6
{[%clk 0:05:37]} 1-0

[Event "Festival"]
[Site "?"]
[Date "2016.02.17"]
[Round "6.1"]
[White "Paehtz, Elisabeth"]
[Black "Maisuradze, Nino"]
[Result "1-0"]
[LiveChessVersion "1.4.7"]
[BlackElo "2302"]
[WhiteElo "2472"]

1. d4 {[%clk 1:30:59]} Nf6 {[%clk 1:30:51]} 2. c4 {[%clk 1:31:22]} c5
{[%clk 1:31:09]} 3. d5 {[%clk 1:31:43]} e6 {[%clk 1:31:36]} 4. Nc3
{[%clk 1:32:10]} exd5 {[%clk 1:32:03]} 5. cxd5 {[%clk 1:32:35]} d6
{[%clk 1:32:32]} 6. e4 {[%clk 1:32:53]} g6 {[%clk 1:32:49]} 7. Nge2
{[%clk 1:33:19]} Bg7 {[%clk 1:32:29]} 8. Ng3 {[%clk 1:33:37]} h5 {[%clk 1:30:43]}
9. Be2 {[%clk 1:34:02]} O-O {[%clk 1:26:57]} 10. Bg5 {[%clk 1:32:48]} Nbd7
{[%clk 1:21:06]} 11. a4 {[%clk 1:21:01]} Re8 {[%clk 1:19:15]} 12. O-O
{[%clk 1:19:34]} Nf8 {[%clk 1:14:40]} 13. f3 {[%clk 1:17:28]} N8h7
{[%clk 1:14:30]} 14. Be3 {[%clk 1:16:40]} a6 {[%clk 1:09:59]} 15. Re1
{[%clk 1:14:08]} Rb8 {[%clk 1:09:41]} 16. Nf1 {[%clk 1:09:57]} Bd7
{[%clk 0:59:53]} 17. a5 {[%clk 1:00:19]} Bc8 {[%clk 0:50:16]} 18. Nd2
{[%clk 0:59:02]} Nd7 {[%clk 0:48:49]} 19. Nc4 {[%clk 0:53:38]} Ne5
{[%clk 0:49:10]} 20. Nb6 {[%clk 0:54:04]} Nf8 {[%clk 0:46:04]} 21. Qd2
{[%clk 0:49:15]} Nfd7 {[%clk 0:45:28]} 22. Nxc8 {[%clk 0:44:21]} Rxc8
{[%clk 0:44:00]} 23. Na4 {[%clk 0:31:39]} f5 {[%clk 0:23:17]} 24. exf5
{[%clk 0:30:16]} gxf5 {[%clk 0:22:57]} 25. Bg5 {[%clk 0:27:22]} Qc7
{[%clk 0:20:43]} 26. h3 {[%clk 0:24:27]} Nf7 {[%clk 0:19:16]} 27. Bd3
{[%clk 0:22:42]} Nde5 {[%clk 0:04:20]} 28. Bxf5 {[%clk 0:19:30]} Nc4
{[%clk 0:04:18]} 29. Qf4 {[%clk 0:12:44]} Be5 {[%clk 0:00:44]} 30. Qxc4
{[%clk 0:12:38]} Nxg5 {[%clk 0:01:06]} 31. Bxc8 {[%clk 0:10:10]} Qxc8
{[%clk 0:00:57]} 32. Qc2 {[%clk 0:05:44]} Kg7 {[%clk 0:00:50]} 33. Nb6
{[%clk 0:05:33]} Qd8 {[%clk 0:00:44]} 34. Kh1 {[%clk 0:05:08]} Rf8
{[%clk 0:00:57]} 35. Rxe5 {[%clk 0:03:40]} dxe5 {[%clk 0:01:24]} 36. Qxc5
{[%clk 0:03:45]} Kh6 {[%clk 0:00:38]} 37. Qe3 {[%clk 0:03:48]} h4
{[%clk 0:00:44]} 38. Rd1 {[%clk 0:03:17]} Qe7 {[%clk 0:00:45]} 39. d6
{[%clk 0:03:33]} Qe6 {[%clk 0:01:10]} 40. d7 {[%clk 0:03:51]} 1-0